| 000 | 00327nam a2200121 4500 | ||
|---|---|---|---|
| 999 |
_c516106 _d516106 |
||
| 082 | _aTNC IS H668 | ||
| 100 |
_aHodge & Johnson _922479 |
||
| 245 | _aManagement and organizational behavior | ||
| 260 |
_aLondon _bJohn wily _c1970 |
||
| 300 | _a531p. | ||
| 650 |
_aorganizational Behavior _922480 |
||
| 650 |
_aManagement _922481 |
||